000
00290pab a2200121 454500
008
180718b xxu||||| |||| 00| 0 eng d
100
_a
Kapoor H.L.
245
_a
How good is Delhi police
362
_a
11 Nov 93, p.4
650
_a
Police -- India -- Delhi
773
_a
Patriot
909
_a
25848
999
_c
25848
_d
25848